000 00293nam a22001337a 4500
003 SGT
020 _a999331084
082 _a920
_bA01K
100 _aKOIRALA, B. PRASAD
245 _aATMABRITTANTA: LATE LIFE RECOLLECTIONS
260 _bHIMAL BOOKS
_c2001
300 _a304
942 _2ddc
_cBK
999 _c32042
_d32042